000 00477cam a22001934a 4500
005 20250605164224.0
008 250528s ||||||||||||||||||||||||d
035 _a20778
020 _a9607105192
040 _aGR-AtMCL
_bgre
_dGR-AtMCL
_eAACR2
245 1 _aΕΙΣΑΓΩΓΗ ΣΤΗΝ ΨΥΧΑΝΑΛΥΣΗ
250 _a1
260 _bΕπικουρος,
_c1996
300 _a446
700 1 _aFreud Sigmund
_9241
942 _cBK
999 _c5861
_d5861